Normal view
MARC view
Entry Topical Term
001 - CONTROL NUMBER
- control field: 14317
003 - CONTROL NUMBER IDENTIFIER
- control field: BD-RjUL
005 - DATE AND TIME OF LATEST TRANSACTION
- control field: 20241119105123.0
008 - FIXED-LENGTH DATA ELEMENTS
- fixed length control field: 241119|| aca||aabn | a|a d
040 ## - CATALOGING SOURCE
- Original cataloging agency: BD-RjUL
- Transcribing agency: BD-RjUL
150 ## - HEADING--TOPICAL TERM
- Topical term or geographic name entry element: Labour Disputes
- Form subdivision: Labour Economics
670 ## - SOURCE DATA FOUND
- Source citation: Work cat.: (BD-RjUL)84322: Rahman, Md. Ziaur 7861, Labour Disputes in Readymade Garment Dector of Bangladesh /, 2022